| 000 | 00000nam##2200000za#4500 |
| 001 | 9.597453 |
| 003 | CaOODSP |
| 005 | 20210624204045 |
| 007 | cr ||||||||||| |
| 008 | 150406|1999||||xxc|||||o f|0| 0 fre|d |
| 040 | |aCaOODSP|bfre |
| 043 | |an-cn--- |
| 086 | 1 |aTU3-7/99-21F-PDF |
| 110 | 2 |aBureau de la sécurité des transports du Canada. |
| 245 | 10|aChute par-dessus bord d'un pilote au moment où il débarquait du porte-conteneurs «Canmar Valour» en approche de la station de pilotage de Les Escoumins (Québec), le 25 septembre 1999 |h[ressource électronique] |
| 260 | |bBureau de la sécurité des transports du Canada |c[2001]. |
| 300 | |a17p.|bréférences, tableau, photographies |
| 490 | 1 |aRapport d'enquête maritime |vM99L0099 |
| 590 | |a10-05-Supp|b2010-07-20 |
| 691 | 07|aAccident maritime|2gcpds |
| 775 | 08|tPilot overboard while disembarking from the container ship “Canmar Valour” approaching the Les Escoumins Pilot Station, Quebec, 25 September 1999 |w(CaOODSP)9.565963 |
| 830 | #0|aRapport d'enquête maritime ;|vM99L0099|w(CaOODSP)9.501269 |
| 856 | 40|ahttp://publications.gc.ca|qPDF|s262 Ko|uhttps://publications.gc.ca/collections/collection_2009/bst-tsb/TU3-7-99-21F.pdf|yM99L0099 |